Normal view
MARC view
Entry Personal Name
001 - CONTROL NUMBER
- control field: 52701
003 - CONTROL NUMBER IDENTIFIER
- control field: dpl
005 - DATE AND TIME OF LATEST TRANSACTION
- control field: 20120927162613.0
008 - FIXED-LENGTH DATA ELEMENTS
- fixed length control field: 120927|||a|||||| | ||| d
040 ## - CATALOGING SOURCE
- Original cataloging agency: dpl
- Transcribing agency: dpl
100 ## - HEADING--PERSONAL NAME
- Personal name: Sanghi, Ashwin
670 ## - SOURCE DATA FOUND
- Source citation: Work cat.: (dpl)69886: Sanghi, Ashwin, Chankya's Chant/, 2010
670 ## - SOURCE DATA FOUND
- Source citation: Work cat.: (dpl)69886: Sanghi, Ashwin, Chankya's Chant/, 2010
